000 00876nam a22002657a 4500
003 DO-SdBNP
005 20171205135204.0
008 171113b 1999 sp ||||| |||| 00| 0 spa d
020 _a8481301434
040 _aBPMSU
_bspa
_cBPMSU
092 _axxxx
_bxxxx
100 1 _aSciascia, Leonardo
245 1 0 _aTodo modo /
_cLeonardo Sciascia; traducción de Joaquín Jordá; prólogo de Francisco J. Satué.
260 _aMadrid :
_bUnidad,
_c1999.
300 _a118 p. ;
_c22 cm.
490 1 _aMillenium., Las 100 joyas del milenio
_v27
490 _aBiblioteca El mundo.
700 1 2 _aJordá, Joaquín,
_etr.
700 1 2 _aSatué, Francisco J.
_epról.
830 0 _aMillenium., Las 100 joyas del milenio
_v27
830 0 _aBiblioteca El mundo
942 _2ddc
_cBK
945 _aInventariado extranjero 2017 VM
956 _aLOPEREZ
_b10
_c20171113
_h0041
_iBPMSU
999 _c12875
_d12875